00536nam a2200193 a 4500001001300000003000900013005001700022008004100039020002400080082001300104100002400117245006300141260004300204300000900247500003500256505001000291650001700301700002400318nice12345678IN_TiNIC20260116014030.0050524s2001 lona grp 000 0 eng  a0415774 c161700a323bHAY aHayner, Priscilla B aUnspeakable Truthsb Confronting State Terror and Atrocity aLondon bRoutledge Chapman Hall c2001 a340p aincludes index and biblioraphy2 aIndex aHuman Rights1 aHayner, Priscilla B